[Event "Aragon-chT Preferente Gr I"]
[Site "Aragon"]
[Date "2023.02.11"]
[Round "3.47"]
[White "Javierre Conesa, Alfonso"]
[Black "Santorroman Jovellar, Javier"]
[Result "0-1"]
[WhiteElo "1865"]
[BlackElo "1658"]
[PlyCount "80"]
[EventDate "2023.01.28"]
[EventType "team-tourn"]
[EventRounds "9"]
[EventCountry "ESP"]
[SourceTitle "EXT 2024"]
[Source "ChessBase"]
[SourceDate "2023.10.10"]
[SourceVersion "1"]
[SourceVersionDate "2023.10.10"]
[SourceQuality "1"]
[WhiteTeam "Las Fuentes"]
[BlackTeam "Enroque Barbastro"]
[WhiteTeamCountry "ESP"]
[BlackTeamCountry "ESP"]

1. d4 d5 2. c4 e6 3. Nf3 Nf6 4. g3 dxc4 5. Qa4+ Nc6 6. Qxc4 Be7 7. Bg2 0-0 8. 0-0 a6 9. Nbd2 Qe8 10. a3 Bd8 11. b4 Ne7 12. Bb2 b5 13. Qc2 Bb7 14. e4 Nc8 15. Rfe1 Nb6 16. Rac1 Rc8 17. Ne5 c6 18. Re3 Nfd7 19. Nef3 e5 20. dxe5 c5 21. bxc5 Rxc5 22. Rc3 Na4 23. Rxc5 Ndxc5 24. Bd4 Ne6 25. Be3 Be7 26. Qa2 Qd7 27. h4 Qd3 28. Ra1 Rc8 29. Ne1 Qd7 30. Nc2 Qc7 31. Nb4 Qxe5 32. Nd5 Bf8 33. Nf3 Qd6 34. Ng5 Nxg5 35. hxg5 a5 36. Bh3 Rc4 37. Bg2 Nc3 38. Qd2 Qe5 39. Nxc3 Qxc3 40. Bf1 Qxa1 0-1

[Event "Aragon-chT Preferente Gr-II"]
[Site "Aragon"]
[Date "2019.03.16"]
[Round "8.55"]
[White "Chine Infantes, Miguel Angel"]
[Black "Javierre Conesa, Alfonso"]
[Result "0-1"]
[WhiteElo "1782"]
[BlackElo "1911"]
[PlyCount "106"]
[EventDate "2019.01.26"]
[EventType "team-tourn"]
[EventRounds "9"]
[EventCountry "ESP"]
[SourceTitle "EXT 2020"]
[Source "ChessBase"]
[SourceDate "2019.10.17"]
[SourceVersion "1"]
[SourceVersionDate "2019.10.17"]
[SourceQuality "1"]
[WhiteTeam "Fraga"]
[BlackTeam "Las Fuentes"]
[WhiteTeamCountry "ESP"]
[BlackTeamCountry "ESP"]

1. e4 d6 2. Nf3 Nf6 3. d3 g6 4. c4 Bg7 5. Nc3 0-0 6. Be2 c5 7. 0-0 Nc6 8. h3 a6 9. Rb1 Rb8 10. Nd5 e6 11. Nxf6+ Bxf6 12. Bh6 Re8 13. Re1 b5 14. b3 Qa5 15. Bf4 Rd8 16. Bd2 Qxa2 17. Bg5 Bxg5 18. Nxg5 Qa5 19. Nf3 Qb6 20. Qd2 Qc7 21. Qg5 Qe7 22. Qg3 Rd7 23. h4 Rdb7 24. Ra1 Rb6 25. h5 bxc4 26. hxg6 fxg6 27. bxc4 e5 28. Nh4 Bd7 29. Bg4 Bxg4 30. Qxg4 Nd4 31. Re3 Qe6 32. Qg5 Qf7 33. Rf1 Rb1 34. Ree1 R1b2 35. f4 Qg7 36. Kh1 Ne6 37. Qg4 Nxf4 38. g3 h5 39. Qf3 Ne6 40. Qf6 Re8 41. Qxg6 Qxg6 42. Nxg6 Rd2 43. Re3 Kg7 44. Nh4 Nd4 45. Nf5+ Nxf5 46. Rxf5 Rf8 47. Kg1 Rxf5 48. exf5 Kf6 49. Rf3 a5 50. Rf1 Rxd3 51. Kg2 a4 52. Ra1 a3 53. Kf2 Kxf5 0-1

[Event "Aragon-chT Preferente A"]
[Site "Aragon"]
[Date "2017.03.11"]
[Round "7.48"]
[White "Javierre Conesa, Alfonso"]
[Black "Agustin De Dios, Adrian"]
[Result "1-0"]
[WhiteElo "1906"]
[BlackElo "1707"]
[PlyCount "89"]
[EventDate "2017.01.28"]
[EventType "team-tourn"]
[EventRounds "9"]
[EventCountry "ESP"]
[SourceTitle "EXT 2018"]
[Source "ChessBase"]
[SourceDate "2017.10.13"]
[SourceVersion "1"]
[SourceVersionDate "2017.10.13"]
[SourceQuality "1"]
[WhiteTeam "Las Fuentes"]
[BlackTeam "Fraga"]
[WhiteTeamCountry "ESP"]
[BlackTeamCountry "ESP"]

1. d4 Nf6 2. Nf3 g6 3. g3 Bg7 4. Bg2 0-0 5. 0-0 d5 6. Nbd2 Nc6 7. b3 e6 8. Bb2 Re8 9. c4 Ne7 10. e3 Nf5 11. c5 c6 12. Ne5 Nd7 13. Ndf3 f6 14. Nxd7 Bxd7 15. b4 b6 16. Qc2 Qc7 17. Bc3 b5 18. a4 a6 19. Ra3 Rab8 20. axb5 axb5 21. Rfa1 Rb7 22. Qa2 Reb8 23. Qb2 Kf7 24. Ra6 Ne7 25. Nd2 Nc8 26. Qa2 h6 27. Bf1 Ne7 28. Bd3 f5 29. Kg2 g5 30. Nb3 Nc8 31. f3 e5 32. dxe5 Bxe5 33. Qb2 Bxc3 34. Qxc3 Ne7 35. Na5 d4 36. Qxd4 Nd5 37. Nxb7 Qxb7 38. Ra7 Qc8 39. Bxf5 Rb7 40. Rxb7 Qxb7 41. Bxd7 Qxd7 42. Ra8 Qe6 43. Ra7+ Ne7 44. e4 Kg6 45. Qd6 1-0

[Event "Aragon-chT Preferente B"]
[Site "Aragon"]
[Date "2014.02.22"]
[Round "5.68"]
[White "Javierre Conesa, Alfonso"]
[Black "Fabre Perez, Jose Maria"]
[Result "0-1"]
[WhiteElo "1989"]
[BlackElo "2084"]
[PlyCount "94"]
[EventDate "2014.01.25"]
[EventType "team-tourn"]
[EventRounds "9"]
[EventCountry "ESP"]
[SourceTitle "EXT 2015"]
[Source "ChessBase"]
[SourceDate "2014.11.20"]
[SourceVersion "1"]
[SourceVersionDate "2014.11.20"]
[SourceQuality "1"]
[WhiteTeam "Las Fuentes"]
[BlackTeam "Marcos Frechin"]
[WhiteTeamCountry "ESP"]
[BlackTeamCountry "ESP"]

1. d4 e6 2. c4 Nf6 3. Nf3 d5 4. Nc3 Bb4 5. e3 Ne4 6. Qc2 c5 7. a3 Bxc3+ 8. bxc3 Qa5 9. Bd2 Bd7 10. Bd3 Ba4 11. Qb2 Nc6 12. 0-0 0-0 13. cxd5 exd5 14. c4 Nxd2 15. Nxd2 cxd4 16. exd4 dxc4 17. Bxc4 Nxd4 18. Qxd4 Rad8 19. Qb2 Qxd2 20. Qxb7 Qf4 21. Qb4 Bc6 22. Rad1 a5 23. Qb3 Rb8 24. Qd3 Qg5 25. Qg3 Qc5 26. Rc1 Qb6 27. Rfe1 Rbd8 28. Qe3 Qb7 29. Qg3 Rd4 30. Bf1 h5 31. Rc5 Rg4 32. Qh3 g6 33. f3 Bxf3 34. Rc3 Qb6+ 35. Kh1 Qf2 36. Rce3 Bd5 37. R3e2 Qf4 38. Qc3 Rh4 39. Qe5 Bc4 40. Qxf4 Rxf4 41. Re5 Rxf1+ 42. Rxf1 Bxf1 43. Rxa5 Rb8 44. Kg1 Rb1 45. Kf2 Ra1 46. Ra7 Bb5 47. h4 Ra2+ 0-1

[Event "Aragon-chT Preferente B"]
[Site "Aragon"]
[Date "2014.01.25"]
[Round "1.60"]
[White "Javierre Conesa, Alfonso"]
[Black "Landa Garriga, Francisco Javier"]
[Result "1/2-1/2"]
[WhiteElo "1989"]
[BlackElo "1857"]
[PlyCount "59"]
[EventDate "2014.01.25"]
[EventType "team-tourn"]
[EventRounds "9"]
[EventCountry "ESP"]
[SourceTitle "EXT 2015"]
[Source "ChessBase"]
[SourceDate "2014.11.20"]
[SourceVersion "1"]
[SourceVersionDate "2014.11.20"]
[SourceQuality "1"]
[WhiteTeam "Las Fuentes"]
[BlackTeam "Aragon ONCE II"]
[WhiteTeamCountry "ESP"]
[BlackTeamCountry "ESP"]

1. d4 Nf6 2. Nf3 g6 3. c4 Bg7 4. Nc3 0-0 5. e4 d6 6. g3 Nc6 7. h3 e5 8. d5 Nd4 9. Bg2 c5 10. dxc6 bxc6 11. 0-0 c5 12. Be3 Bb7 13. Nd2 Qd7 14. Kh2 Nh5 15. f4 f5 16. Rb1 Bh6 17. Nd5 Bxd5 18. exd5 exf4 19. Bxf4 Bxf4 20. gxf4 Rfe8 21. Nb3 Nxb3 22. axb3 Re3 23. Rf3 Rae8 24. b4 cxb4 25. Rxe3 Rxe3 26. Qd4 Qe7 27. Ra1 Re1 28. Rxa7 Qh4 29. Ra8+ Kf7 30. Ra7+ 1/2-1/2

[Event "Aragon-chT Preferente A"]
[Site "Aragon"]
[Date "2013.03.23"]
[Round "9.43"]
[White "Naya Sancho, Jose Ignacio"]
[Black "Javierre Conesa, Alfonso"]
[Result "1-0"]
[WhiteElo "2130"]
[BlackElo "2011"]
[PlyCount "69"]
[EventDate "2013.01.26"]
[EventType "team"]
[EventRounds "9"]
[EventCountry "ESP"]
[SourceTitle "EXT 2014"]
[Source "ChessBase"]
[SourceDate "2013.11.20"]
[SourceVersion "1"]
[SourceVersionDate "2013.11.20"]
[SourceQuality "1"]
[WhiteTeam "Delicias CCOO"]
[BlackTeam "Las Fuentes"]
[WhiteTeamCountry "ESP"]
[BlackTeamCountry "ESP"]

1. d4 d5 2. c4 c6 3. Nc3 Nf6 4. Nf3 e6 5. cxd5 exd5 6. Qc2 Nbd7 7. Bg5 Be7 8. e3 0-0 9. Bd3 Re8 10. 0-0 Nf8 11. Bxf6 Bxf6 12. b4 a6 13. a4 Qd6 14. b5 axb5 15. axb5 Rxa1 16. Rxa1 c5 17. dxc5 Qxc5 18. Ne4 Qe7 19. Nxf6+ Qxf6 20. Ra8 Bd7 21. Rxe8 Bxe8 22. Nd4 Qb6 23. Nf5 Qd8 24. Qc8 Qd7 25. Qxd7 Bxd7 26. Ne7+ Kh8 27. Nxd5 Ne6 28. Kf1 Nc5 29. Be2 Kg8 30. Ke1 Kf8 31. f3 Be6 32. Bc4 Bxd5 33. Bxd5 Ke7 34. Kd2 Kd6 35. Bxf7 1-0

[Event "Aragon-chT Preferente A"]
[Site "Aragon"]
[Date "2012.02.04"]
[Round "1.51"]
[White "Sancho Casale, Jesus"]
[Black "Javierre Conesa, Alfonso"]
[Result "1/2-1/2"]
[WhiteElo "1912"]
[BlackElo "2045"]
[PlyCount "96"]
[EventDate "2012.02.04"]
[EventType "team"]
[EventRounds "9"]
[EventCountry "ESP"]
[SourceTitle "EXT 2014"]
[Source "ChessBase"]
[SourceDate "2013.11.20"]
[SourceVersion "1"]
[SourceVersionDate "2013.11.20"]
[SourceQuality "1"]
[WhiteTeam "Tauste"]
[BlackTeam "Las Fuentes"]
[WhiteTeamCountry "ESP"]
[BlackTeamCountry "ESP"]

1. e4 d6 2. d4 Nf6 3. Nc3 g6 4. Nf3 Bg7 5. h3 c6 6. a4 0-0 7. Be3 Qc7 8. Be2 e5 9. 0-0 Nbd7 10. dxe5 dxe5 11. Bc4 b6 12. Qd2 Bb7 13. Bh6 Rad8 14. Bxg7 Kxg7 15. Qe3 Nc5 16. Rfd1 Ba6 17. Ba2 Bc8 18. Rxd8 Rxd8 19. a5 Ne6 20. axb6 axb6 21. Bxe6 Bxe6 22. Ra6 b5 23. Ra7 Qd6 24. Ng5 Rd7 25. Nxe6+ Qxe6 26. Rxd7 Qxd7 27. Qd3 Qd4 28. Kf1 b4 29. Qxd4 exd4 30. Ne2 c5 31. f3 Nd7 32. Nc1 c4 33. Ke2 f5 34. exf5 gxf5 35. b3 Ne5 36. f4 cxb3 37. Nxb3 Ng6 38. g3 h5 39. Nxd4 Kf6 40. Nc6 h4 41. gxh4 Nxf4+ 42. Ke3 Nd5+ 43. Kd4 f4 44. Ke4 Kg7 45. Nd4 Ne3 46. Kd3 Kh6 47. Nf3 Kh5 48. c4 bxc3 1/2-1/2

[Event "Aragon-chT Preferente-A"]
[Site "Spain"]
[Date "2011.02.19"]
[Round "3.2"]
[White "Garcia Vicente, Nieves"]
[Black "Javierre Conesa, Alfonso"]
[Result "1-0"]
[WhiteElo "2220"]
[BlackElo "2058"]
[PlyCount "93"]
[EventDate "2011.02.05"]
[EventType "team-tourn"]
[EventRounds "9"]
[EventCountry "ESP"]
[SourceTitle "EXT 2013"]
[Source "ChessBase"]
[SourceDate "2012.11.22"]
[SourceVersion "1"]
[SourceVersionDate "2012.11.22"]
[SourceQuality "1"]
[WhiteTeam "Actur Rey Fernando"]
[BlackTeam "Las Fuentes"]
[WhiteTeamCountry "ESP"]
[BlackTeamCountry "ESP"]

1. d4 d5 2. Nf3 Nf6 3. c4 c6 4. Nc3 e6 5. e3 Nbd7 6. Bd3 Be7 7. 0-0 0-0 8. e4 dxe4 9. Nxe4 Nxe4 10. Bxe4 Nf6 11. Bc2 c5 12. Qd3 cxd4 13. Nxd4 Bc5 14. Be3 e5 15. Nf5 Qxd3 16. Bxd3 Bxe3 17. Nxe3 Be6 18. Rfd1 Rfd8 19. f3 Rd7 20. Be2 Rad8 21. Rxd7 Rxd7 22. Rd1 Kf8 23. Kf2 Ke7 24. b4 Ne8 25. Rxd7+ Kxd7 26. Bd3 Nc7 27. a3 h6 28. Nf5 Bxf5 29. Bxf5+ Kd6 30. Ke3 b6 31. h4 g6 32. Bd3 Ne6 33. g3 a5 34. c5+ Kc7 35. cxb6+ Kxb6 36. bxa5+ Kxa5 37. Bc4 Nc5 38. Bxf7 g5 39. hxg5 hxg5 40. Be8 Kb6 41. Kd2 e4 42. Ke3 exf3 43. Kxf3 Kc7 44. Kg4 Kd8 45. Bb5 Ne4 46. Bc6 Nxg3 47. Kxg3 1-0

[Event "Aragon-chT Preferente"]
[Site "Spain"]
[Date "2010.03.20"]
[Round "9.39"]
[White "Javierre Conesa, Alfonso"]
[Black "Fernandez Rubio, Rafael"]
[Result "0-1"]
[WhiteElo "1970"]
[BlackElo "1958"]
[PlyCount "77"]
[EventDate "2010.01.23"]
[EventType "team-swiss"]
[EventRounds "12"]
[EventCountry "ESP"]
[SourceTitle "EXT 2013"]
[Source "ChessBase"]
[SourceDate "2012.11.22"]
[SourceVersion "1"]
[SourceVersionDate "2012.11.22"]
[SourceQuality "1"]
[WhiteTeam "Las Fuentes"]
[BlackTeam "Tauste"]
[WhiteTeamCountry "ESP"]
[BlackTeamCountry "ESP"]

1. d4 Nf6 2. Nf3 g6 3. c4 Bg7 4. Nc3 0-0 5. g3 d6 6. Bg2 Nbd7 7. 0-0 c6 8. e4 e5 9. h3 Re8 10. Re1 exd4 11. Nxd4 Ne5 12. b3 a5 13. Be3 Qc7 14. Qd2 Ned7 15. Bh6 Nc5 16. Bxg7 Kxg7 17. Rad1 Bd7 18. Qc2 Rad8 19. Kh2 h5 20. a3 h4 21. b4 axb4 22. axb4 Na6 23. Qb2 hxg3+ 24. fxg3 Rh8 25. Nce2 Ng4+ 26. Kg1 Ne5 27. Kh2 Rh7 28. Nf3 Rdh8 29. Nxe5 dxe5 30. Ng1 Be6 31. b5 Nc5 32. bxc6 bxc6 33. Qb4 Nb7 34. c5 Qc8 35. Rb1 Bxh3 36. Nxh3 Rxh3+ 37. Kg1 Rxg3 38. Qxb7 Qh3 39. Kf1 0-1

[Event "Aragon-chT Preferente"]
[Site "Spain"]
[Date "2010.02.13"]
[Round "4.22"]
[White "Javierre Conesa, Alfonso"]
[Black "Jaques Burguete, Raul"]
[Result "1/2-1/2"]
[WhiteElo "1970"]
[BlackElo "2067"]
[PlyCount "92"]
[EventDate "2010.01.23"]
[EventType "team-swiss"]
[EventRounds "12"]
[EventCountry "ESP"]
[SourceTitle "EXT 2013"]
[Source "ChessBase"]
[SourceDate "2012.11.22"]
[SourceVersion "1"]
[SourceVersionDate "2012.11.22"]
[SourceQuality "1"]
[WhiteTeam "Las Fuentes"]
[BlackTeam "St Casablanca II"]
[WhiteTeamCountry "ESP"]
[BlackTeamCountry "ESP"]

1. d4 d5 2. c4 e6 3. Nc3 c6 4. cxd5 exd5 5. Nf3 Nf6 6. Bf4 Bb4 7. a3 Bxc3+ 8. bxc3 Bf5 9. Qb3 Qb6 10. Qb4 Nbd7 11. e3 a5 12. Qxb6 Nxb6 13. Nh4 Bc8 14. Bd3 0-0 15. Nf5 Na4 16. Ne7+ Kh8 17. Nxc8 Rfxc8 18. c4 Nb2 19. Bf5 Re8 20. c5 Ne4 21. Bxe4 dxe4 22. 0-0 Re7 23. Rfb1 Nd3 24. Bd6 Rd7 25. Rb6 h5 26. Rab1 Kh7 27. Rxb7 Rxb7 28. Rxb7 Kg6 29. Rb6 Rc8 30. h3 a4 31. Bg3 Kf5 32. f3 g5 33. Rb7 f6 34. Re7 exf3 35. gxf3 h4 36. Bh2 Ne1 37. Kf2 Nc2 38. Ra7 Nxa3 39. Rxa4 Nb5 40. Ra6 Ke6 41. Ke2 Nc3+ 42. Kd3 Nd5 43. Ke2 Nc3+ 44. Kd3 Nd5 45. Ke2 Nc3+ 46. Kd3 Nd5 1/2-1/2